000 00823nam a2200265Ia 4500
001 Z_1789
003 CHAP
008 220113s1996 xx 000 0 und d
010 _a164881
040 _cCHAP
090 _aTesis E 1200
100 _aEstrella Quintero, Heriberto
_938469
245 _aPrograma de cómputo para el manejo de explotaciones de bovinos lecheros /
_cpor Heriberto Estrella Quintero
260 _aChapingo, Méx. :
_bEl autor,
_c1996
300 _a91 h
502 _aTesis (Maestro en Ciencias Especialista en Producción Animal) -- UACH. Departamento de Zootecnia
650 _aGanado lechero
_xProducción
_945288
650 _aProcesamiento automático de datos en ganadería
901 _aTESIS E 1200
902 _aM
910 _a1996
942 _c2
942 _c2
999 _c164881
_d164881